[Event "Sueca op 7th"]
[Site "Sueca"]
[Date "2023.08.13"]
[Round "9"]
[White "Juan Lepp, Jaime Boris"]
[Black "Folch Zaragoza, Jose"]
[Result "1-0"]
[WhiteElo "1915"]
[BlackElo "1767"]
[PlyCount "43"]
[EventDate "2023.08.07"]
[EventType "swiss"]
[EventRounds "9"]
[EventCountry "ESP"]
[SourceTitle "CBM 215 Extra"]
[Source "ChessBase"]
[SourceDate "2023.09.30"]
[SourceVersion "1"]
[SourceVersionDate "2023.09.30"]
[SourceQuality "1"]

1. e4 e5 2. Nf3 Nc6 3. c3 Nf6 4. d4 exd4 5. e5 Qe7 6. cxd4 d5 7. Nc3 Bg4 8. Be2 Ne4 9. Nxd5 Qd7 10. Nc3 Bb4 11. Qd3 Bf5 12. Qe3 0-0-0 13. 0-0 Nxd4 14. Nxd4 Qxd4 15. Qf4 Bg6 16. Be3 Bxc3 17. Bxd4 Bxd4 18. Bg4+ Kb8 19. Bf5 Nc5 20. Rad1 Bxb2 21. Bxg6 hxg6 22. Qb4 1-0

[Event "Sueca op 7th"]
[Site "Sueca"]
[Date "2023.08.11"]
[Round "6"]
[White "Folch Zaragoza, Jose"]
[Black "Ruiz Grau, David"]
[Result "1-0"]
[WhiteElo "1767"]
[BlackElo "1560"]
[PlyCount "95"]
[EventDate "2023.08.07"]
[EventType "swiss"]
[EventRounds "9"]
[EventCountry "ESP"]
[SourceTitle "CBM 215 Extra"]
[Source "ChessBase"]
[SourceDate "2023.09.30"]
[SourceVersion "1"]
[SourceVersionDate "2023.09.30"]
[SourceQuality "1"]

1. e4 c5 2. Nc3 a6 3. f4 Nc6 4. Nf3 g6 5. Bc4 b5 6. Bd5 Qc7 7. Ne5 e6 8. Bxc6 dxc6 9. d3 Bg7 10. 0-0 Ne7 11. Ng4 Bb7 12. e5 0-0-0 13. Ne4 c4 14. Nd6+ Rxd6 15. exd6 Qxd6 16. dxc4 Qc5+ 17. Be3 Qxc4 18. Ne5 Bxe5 19. fxe5 Nf5 20. Bg5 c5 21. Rf4 Qd5 22. Qxd5 Bxd5 23. g4 Nd4 24. Kf2 h6 25. Bf6 Rh7 26. c3 g5 27. cxd4 gxf4 28. dxc5 a5 29. a3 Kd7 30. b4 a4 31. h4 Kc6 32. Rd1 Kc7 33. Rd4 f3 34. Rd2 Kc6 35. Ke3 Kd7 36. h5 Kc6 37. Kf4 Kc7 38. g5 hxg5+ 39. Kxg5 Kc6 40. h6 Kc7 41. Bg7 Be4 42. Kf6 Bg6 43. Ke7 Kc6 44. Kf8 f6 45. Rd6+ Kc7 46. Rxe6 f5 47. Rd6 f4 48. Rf6 1-0

[Event "Sueca op 6th"]
[Site "Sueca"]
[Date "2022.07.31"]
[Round "9"]
[White "Folch Zaragoza, Jose"]
[Black "Pedros Viudes, Santiago"]
[Result "1/2-1/2"]
[WhiteElo "1852"]
[BlackElo "2055"]
[PlyCount "111"]
[EventDate "2022.07.25"]
[EventType "swiss"]
[EventRounds "9"]
[EventCountry "ESP"]
[SourceTitle "CBM 209 Extra"]
[Source "ChessBase"]
[SourceDate "2022.09.30"]
[SourceVersion "1"]
[SourceVersionDate "2022.09.30"]
[SourceQuality "1"]

1. c4 e5 2. Nc3 Nc6 3. Nf3 g6 4. e4 Bg7 5. d3 d6 6. Be2 Nge7 7. 0-0 0-0 8. Bd2 f5 9. Bg5 f4 10. Nd5 h6 11. Bxe7 Nxe7 12. h3 c5 13. a3 Be6 14. Rc1 Qd7 15. Kh2 Kh7 16. Ng1 h5 17. Nf3 Bh6 18. h4 Nxd5 19. cxd5 Bg4 20. Rb1 Qe7 21. g3 Kg8 22. Ng1 fxg3+ 23. fxg3 Rxf1 24. Qxf1 Rf8 25. Qg2 Be3 26. Rf1 Rf6 27. Rxf6 Qxf6 28. b3 Bd7 29. Qf1 Qxf1 30. Bxf1 Bxg1+ 31. Kxg1 Bg4 32. Kf2 Bd1 33. b4 cxb4 34. axb4 Kf7 35. Ke1 Ba4 36. Bh3 Bb5 37. Kd2 b6 38. Kc3 Kf6 39. Bc8 g5 40. Bb7 gxh4 41. gxh4 Ba4 42. Bc6 Bd1 43. Be8 Ke7 44. Bg6 Be2 45. Bf5 a5 46. bxa5 bxa5 47. d4 Kf6 48. Bh7 a4 49. Bf5 a3 50. dxe5+ Kxe5 51. Kb3 Bf3 52. Bg6 Kf4 53. Kxa3 Kg3 54. Kb4 Kxh4 55. Kb5 Kg5 56. Bxh5 1/2-1/2

[Event "Sueca op 5th"]
[Site "Sueca"]
[Date "2019.07.23"]
[Round "2"]
[White "Folch Zaragoza, Jose"]
[Black "Randazzo, Adrian"]
[Result "0-1"]
[WhiteElo "1857"]
[BlackElo "2227"]
[PlyCount "78"]
[EventDate "2019.07.22"]
[EventType "swiss"]
[EventRounds "9"]
[EventCountry "ESP"]
[SourceTitle "EXT 2020"]
[Source "ChessBase"]
[SourceDate "2019.10.17"]
[SourceVersion "1"]
[SourceVersionDate "2019.10.17"]
[SourceQuality "1"]

1. e4 c5 2. Nc3 a6 3. f4 b5 4. Nf3 Bb7 5. d3 e6 6. Be2 d5 7. e5 h5 8. 0-0 g6 9. Qe1 Nh6 10. Bd2 Nc6 11. a3 Nf5 12. Ng5 Be7 13. Qf2 Ncd4 14. Bd1 c4 15. Kh1 Bc5 16. Qe1 h4 17. dxc4 Qxg5 18. fxg5 Ng3+ 19. Qxg3 hxg3 20. h3 dxc4 21. Bg4 Nxc2 22. Rac1 Ne3 23. Bxe3 Bxe3 24. Rcd1 Bxg5 25. Bf3 Bxf3 26. Rxf3 Rd8 27. Rdf1 0-0 28. Rxg3 Be7 29. Ne4 Kg7 30. Nf6 Rd2 31. Rgf3 Rxb2 32. Nd7 Re8 33. Rxf7+ Kh6 34. R1f3 Rb3 35. Nf6 Rxf3 36. Rh7+ Kg5 37. h4+ Kf4 38. Nxe8 Rxa3 39. Rxe7 Kg3 0-1

[Event "Sueca op 2nd"]
[Site "Sueca"]
[Date "2016.07.26"]
[Round "2.3"]
[White "Folch Zaragoza, Jose"]
[Black "Camarena Gimenez, Rufino"]
[Result "0-1"]
[WhiteElo "1939"]
[BlackElo "2403"]
[PlyCount "96"]
[EventDate "2016.07.25"]
[EventType "swiss"]
[EventRounds "8"]
[EventCountry "ESP"]
[SourceTitle "EXT 2024"]
[Source "ChessBase"]
[SourceDate "2023.10.10"]
[SourceVersion "1"]
[SourceVersionDate "2023.10.10"]
[SourceQuality "1"]

1. e4 e6 2. Nc3 d5 3. exd5 exd5 4. d4 c6 5. Nf3 Bd6 6. Bd3 Ne7 7. 0-0 0-0 8. Ng5 Bf5 9. f4 Nd7 10. Ne2 h6 11. Nf3 Be4 12. Ng3 f5 13. Ne5 c5 14. Bxe4 dxe4 15. c3 cxd4 16. Qb3+ Kh7 17. cxd4 Nb6 18. Nh5 Qe8 19. Qh3 g6 20. Ng3 Rc8 21. Ne2 Nbd5 22. Qb3 Rc7 23. Bd2 Bxe5 24. dxe5 Qd7 25. Rad1 Qc6 26. Rc1 Qd7 27. Rxc7 Qxc7 28. Rc1 Qb6+ 29. Qxb6 axb6 30. Kf2 Rc8 31. Rxc8 Nxc8 32. a3 Nce7 33. Nd4 Nc6 34. Nb5 g5 35. g3 Kg6 36. Nd6 gxf4 37. gxf4 Nd4 38. Bc1 Ne6 39. Nxb7 Ndxf4 40. Bxf4 Nxf4 41. Ke3 Nd5+ 42. Kd4 e3 43. Kd3 f4 44. Nd6 f3 45. b4 f2 46. Ke2 Nc3+ 47. Kf1 Nb1 48. Nc4 Nd2+ 0-1

[Event "Provincial-ch Valencia"]
[Site "Valencia"]
[Date "2013.11.16"]
[Round "6"]
[White "Folch Zaragoza, Jose"]
[Black "Nieves Cabanes, Jose Manuel"]
[Result "0-1"]
[WhiteElo "1891"]
[BlackElo "2068"]
[PlyCount "72"]
[EventDate "2013.10.05"]
[EventType "swiss"]
[EventRounds "7"]
[EventCountry "ESP"]
[SourceTitle "EXT 2024"]
[Source "ChessBase"]
[SourceDate "2023.10.10"]
[SourceVersion "1"]
[SourceVersionDate "2023.10.10"]
[SourceQuality "1"]

1. e4 c5 2. Nc3 e6 3. f4 a6 4. Nf3 Nc6 5. Be2 d5 6. e5 Nge7 7. 0-0 h5 8. d3 Nf5 9. Ng5 g6 10. Bf3 Be7 11. Qe1 b5 12. a3 Ncd4 13. Bd1 Bd7 14. Ne2 Nxe2+ 15. Qxe2 Qb6 16. c3 a5 17. Bc2 Rc8 18. Kh1 b4 19. axb4 axb4 20. Ba4 Bxa4 21. Rxa4 Kf8 22. c4 Kg7 23. cxd5 exd5 24. b3 Bxg5 25. fxg5 Qe6 26. Bf4 Rhe8 27. h3 d4 28. Qd1 Rc7 29. Kg1 Ne3 30. Bxe3 dxe3 31. d4 Rd7 32. Rf6 Qxe5 33. Ra7 e2 34. Rxg6+ Kxg6 35. Qb1+ Qe4 36. Ra6+ Kg7 0-1

[Event "Mislata op-B 45th"]
[Site "Mislata"]
[Date "2011.08.17"]
[Round "4"]
[White "Zaragoza Montesinos, Ignasi"]
[Black "Folch Zaragoza, Jose"]
[Result "1/2-1/2"]
[WhiteElo "2033"]
[BlackElo "1954"]
[PlyCount "68"]
[EventDate "2011.08.15"]
[EventType "swiss"]
[EventRounds "9"]
[EventCountry "ESP"]
[SourceTitle "EXT 2014"]
[Source "ChessBase"]
[SourceDate "2013.11.20"]
[SourceVersion "1"]
[SourceVersionDate "2013.11.20"]
[SourceQuality "1"]

1. e4 e5 2. Nf3 Nc6 3. Nc3 Nf6 4. d4 exd4 5. Nxd4 Bb4 6. Nxc6 bxc6 7. Bd3 d5 8. exd5 cxd5 9. 0-0 0-0 10. Bg5 Bxc3 11. bxc3 Qd6 12. Bxf6 Qxf6 13. Qh5 h6 14. Qxd5 Be6 15. Qe4 g6 16. Qe3 Kg7 17. Be4 Rab8 18. Qxa7 Qxc3 19. Rab1 Rxb1 20. Rxb1 Qc4 21. Bd3 Qxa2 22. Qd4+ Kg8 23. Re1 Qa5 24. Re5 Qd2 25. h3 Rb8 26. c3 Rb2 27. Bxg6 Qxd4 28. cxd4 Rd2 29. Bf5 Bxf5 30. Rxf5 Rxd4 31. Rc5 Rd7 32. Rc6 Kg7 33. Kh2 f6 34. Kg3 Kg6 1/2-1/2

[Event "Mislata op-B"]
[Site "Mislata"]
[Date "2010.08.17"]
[Round "3"]
[White "Folch Zaragoza, Jose"]
[Black "Echeverria, Nestor"]
[Result "1/2-1/2"]
[WhiteElo "1968"]
[BlackElo "2055"]
[PlyCount "108"]
[EventDate "2010.08.16"]
[EventType "swiss"]
[EventRounds "9"]
[EventCountry "ESP"]
[SourceTitle "EXT 2012"]
[Source "ChessBase"]
[SourceDate "2011.11.24"]
[SourceVersion "1"]
[SourceVersionDate "2011.11.24"]
[SourceQuality "1"]

1. c4 e5 2. Nc3 Nc6 3. Nf3 Nf6 4. e4 Bb4 5. d3 h6 6. Be2 d6 7. 0-0 0-0 8. Nd5 Bc5 9. Be3 Nd7 10. a3 a5 11. Qd2 Bxe3 12. fxe3 Nc5 13. Bd1 f5 14. exf5 Bxf5 15. e4 Bg4 16. Qe3 Bxf3 17. Rxf3 Rxf3 18. Bxf3 Nd4 19. Rf1 c6 20. Nc3 Qb6 21. Nd1 Qb3 22. Bh5 Qxd3 23. Qf2 Nxe4 24. Qf7+ Kh8 25. Bg6 Ne2+ 26. Kh1 Nf4 27. Kg1 Qd4+ 28. Kh1 Nxg6 29. Qxg6 Nf6 30. Qf7 e4 31. h3 e3 32. Nxe3 Qxe3 33. Rxf6 gxf6 34. Qxf6+ Kg8 35. Qg6+ Kf8 36. Qf6+ Kg8 37. Qg6+ Kf8 38. Qf6+ Ke8 39. Qh8+ Kd7 40. Qxa8 Qc1+ 41. Kh2 Qxb2 42. Qxa5 Ke6 43. Qd8 d5 44. Qg8+ Kd6 45. Qg6+ Kc5 46. cxd5 cxd5 47. Qxh6 Qe5+ 48. Kg1 Qe1+ 49. Kh2 d4 50. Qf8+ Kc4 51. Qc8+ Kd3 52. Qxb7 Qe5+ 53. Kh1 Qe1+ 54. Kh2 Qe5+ 1/2-1/2

[Event "L'Alcudia de Crespins / Silla IRT 2nd"]
[Site "L'Alcudia de Crespins / Silla"]
[Date "2009.02.??"]
[Round "3.3"]
[White "Garcia Domingo, Jose Antonio"]
[Black "Folch Zaragoza, Jose"]
[Result "1-0"]
[WhiteElo "1938"]
[BlackElo "1958"]
[PlyCount "61"]
[EventDate "2009.02.09"]
[EventType "tourn"]
[EventRounds "9"]
[EventCountry "ESP"]
[SourceTitle "EXT 2024"]
[Source "ChessBase"]
[SourceDate "2023.10.10"]
[SourceVersion "1"]
[SourceVersionDate "2023.10.10"]
[SourceQuality "1"]

1. e4 e5 2. Nc3 Bc5 3. f4 d6 4. Nf3 Nc6 5. Nd5 Nf6 6. Nxf6+ Qxf6 7. c3 Bg4 8. h3 Bxf3 9. Qxf3 0-0 10. d3 Rfe8 11. fxe5 Qxe5 12. Bf4 Qe6 13. Be2 Ne5 14. Qg3 Bb6 15. d4 Nc4 16. 0-0 Nxb2 17. a4 a5 18. Rae1 Nc4 19. Kh1 c6 20. Rb1 Ba7 21. Rxb7 d5 22. e5 Red8 23. Rfb1 Rdb8 24. Bd1 Nb6 25. Rxb8+ Rxb8 26. Rc1 Qg6 27. Qh4 h6 28. e6 Qxe6 29. Bxb8 g5 30. Qg3 Nc4 31. Bxa7 1-0

[Event "Cullera op 26th"]
[Site "Cullera"]
[Date "2005.07.29"]
[Round "7.60"]
[White "Folch Zaragoza, Jose"]
[Black "Cortes Marti, Javier"]
[Result "0-1"]
[WhiteElo "1998"]
[BlackElo "1897"]
[PlyCount "90"]
[EventDate "2005.07.21"]
[EventType "swiss"]
[EventRounds "9"]
[EventCountry "ESP"]
[SourceTitle "CBM 107 Extra"]
[Source "ChessBase"]
[SourceDate "2005.09.01"]
[SourceVersion "1"]
[SourceVersionDate "2005.09.01"]
[SourceQuality "1"]

1. e4 c6 2. d4 d5 3. Nc3 dxe4 4. Nxe4 Bf5 5. Ng3 Bg6 6. Nf3 h6 7. Bd3 Bxd3 8. Qxd3 Nf6 9. Bf4 e6 10. Ne4 Be7 11. 0-0-0 Nxe4 12. Qxe4 Bd6 13. Ne5 Qe7 14. Kb1 Nd7 15. Nxc6 bxc6 16. Qxc6 Bxf4 17. Qxa8+ Bb8 18. d5 0-0 19. dxe6 Qxe6 20. Rhe1 Qf5 21. Qe4 Qxe4 22. Rxe4 Nf6 23. Red4 Bc7 24. f3 g6 25. g3 Kg7 26. c4 Bb6 27. R4d3 Rc8 28. b3 h5 29. Kb2 h4 30. g4 h3 31. Kc3 Bc7 32. R3d2 Re8 33. b4 Bf4 34. Rc2 Nh7 35. c5 Ng5 36. Rd3 Re1 37. c6 Rh1 38. b5 Ne6 39. Kc4 Bxh2 40. Rxh2 Rxh2 41. Rc3 Rxa2 42. c7 Nxc7 43. Kb3 h2 44. Rc1 Rg2 45. Rh1 Nxb5 0-1

[Event "La Pobla de Vallbona op"]
[Site "La Pobla de Vallbona"]
[Date "2004.10.??"]
[Round "5"]
[White "Andres Julia, Vicente Ramon"]
[Black "Folch Zaragoza, Jose"]
[Result "1-0"]
[WhiteElo "2065"]
[BlackElo "2016"]
[PlyCount "69"]
[EventDate "2004.10.??"]
[EventType "swiss"]
[EventRounds "8"]
[EventCountry "ESP"]
[SourceTitle "EXT 2006"]
[Source "ChessBase"]
[SourceDate "2005.11.24"]
[SourceVersion "1"]
[SourceVersionDate "2005.11.24"]
[SourceQuality "1"]

1. e4 e5 2. Nf3 Nc6 3. d4 exd4 4. Bc4 Bc5 5. c3 d6 6. cxd4 Bb4+ 7. Nc3 Bg4 8. 0-0 Bxc3 9. bxc3 Qe7 10. Rb1 Nf6 11. Re1 0-0 12. Ba3 Nxe4 13. Bd3 Bxf3 14. Qxf3 f5 15. Rxb7 Rae8 16. Rbb1 Qg5 17. Bb5 Ne7 18. Bc1 Qh4 19. Bxe8 Rxe8 20. Qe2 Nd5 21. Bd2 Ndf6 22. f3 Nxd2 23. Qxd2 Rf8 24. c4 Nh5 25. Rb7 Nf4 26. Rxc7 Qg5 27. Qc2 Rb8 28. Rce7 Qg6 29. g3 h5 30. Kh1 Nh3 31. Qe2 Kh7 32. Re6 Qf7 33. f4 Qb7+ 34. d5 Qb6 35. Qxh5+ 1-0

[Event "La Pobla de Vallbona op"]
[Site "La Pobla de Vallbona"]
[Date "2004.10.??"]
[Round "7"]
[White "Garcia Domingo, Jose Antonio"]
[Black "Folch Zaragoza, Jose"]
[Result "1/2-1/2"]
[WhiteElo "2072"]
[BlackElo "2016"]
[PlyCount "41"]
[EventDate "2004.10.??"]
[EventType "swiss"]
[EventRounds "8"]
[EventCountry "ESP"]
[SourceTitle "EXT 2006"]
[Source "ChessBase"]
[SourceDate "2005.11.24"]
[SourceVersion "1"]
[SourceVersionDate "2005.11.24"]
[SourceQuality "1"]

1. d4 Nf6 2. c4 g6 3. Nc3 Bg7 4. e4 d6 5. f3 0-0 6. Be3 Nbd7 7. Nge2 c5 8. Qd2 cxd4 9. Nxd4 Ne5 10. Be2 Bd7 11. 0-0 a6 12. Nd5 Nxd5 13. exd5 Qc8 14. Rac1 f5 15. Kh1 Nf7 16. Rfe1 Re8 17. Bf1 e5 18. dxe6 Bxe6 19. Nxe6 Rxe6 20. c5 dxc5 21. Bc4 1/2-1/2

[Event "Silla op 4th"]
[Site "Silla"]
[Date "2003.12.28"]
[Round "7"]
[White "Espinosa Mari, Juan Jose"]
[Black "Folch Zaragoza, Jose"]
[Result "0-1"]
[WhiteElo "1804"]
[BlackElo "1925"]
[PlyCount "132"]
[EventDate "2003.12.19"]
[EventType "swiss"]
[EventRounds "7"]
[EventCountry "ESP"]
[SourceTitle "CBM 097 Extra"]
[Source "ChessBase"]
[SourceDate "2004.01.13"]
[SourceVersion "1"]
[SourceVersionDate "2004.01.13"]
[SourceQuality "1"]

1. e4 e5 2. Nf3 Nc6 3. Bc4 Nf6 4. 0-0 Nxe4 5. Re1 d5 6. Bb5 Bc5 7. d4 exd4 8. Nxd4 Bxd4 9. Qxd4 0-0 10. Bxc6 bxc6 11. Nc3 Bf5 12. b3 Re8 13. Bb2 Qg5 14. Re3 Nxc3 15. Rxe8+ Rxe8 16. Qxc3 Be4 17. f3 Bf5 18. Qxc6 Qe3+ 19. Kf1 Qe2+ 20. Kg1 Bxc2 21. h3 h6 22. Qc3 f6 23. Qc6 Bg6 24. Qxd5+ Bf7 25. Qd4 c5 26. Qc3 Re3 27. Qc1 Rd3 28. Bc3 c4 29. bxc4 Bxc4 30. Bb4 Bxa2 31. Qc8+ Kh7 32. Qf5+ Kh8 33. Rxa2 Rd1+ 34. Kh2 Qxa2 35. Qc8+ Qg8 36. Qc5 Qd5 37. Qc8+ Kh7 38. Qc2+ Qd3 39. Qc5 a6 40. f4 Qd5 41. Qc2+ f5 42. Qc7 Rd3 43. Bf8 Qd7 44. Qe5 Rd5 45. Qe2 a5 46. h4 a4 47. h5 Rd2 48. Qf3 Qf7 49. Bb4 Rb2 50. Bd6 Rb3 51. Qe2 a3 52. Be5 a2 53. g4 fxg4 54. Qc2+ Kh8 55. Qc8+ Qg8 56. Qxg4 Rb1 57. Bxg7+ Qxg7 58. Qc8+ Qg8 59. Qc3+ Qg7 60. Qc8+ Kh7 61. Qf5+ Kg8 62. Qd5+ Qf7 63. Qd8+ Kg7 64. Qd4+ Kf8 65. Qd8+ Qe8 66. Qf6+ Kg8 0-1

[Event "Silla op 4th"]
[Site "Silla"]
[Date "2003.12.27"]
[Round "6"]
[White "Folch Zaragoza, Jose"]
[Black "Folch Raga, Israel"]
[Result "1/2-1/2"]
[WhiteElo "1925"]
[BlackElo "1799"]
[PlyCount "75"]
[EventDate "2003.12.19"]
[EventType "swiss"]
[EventRounds "7"]
[EventCountry "ESP"]
[SourceTitle "CBM 097 Extra"]
[Source "ChessBase"]
[SourceDate "2004.01.13"]
[SourceVersion "1"]
[SourceVersionDate "2004.01.13"]
[SourceQuality "1"]

1. c4 e5 2. Nc3 Nf6 3. Nf3 Nc6 4. e4 d6 5. d4 Bg4 6. d5 Nd4 7. Be2 Nxe2 8. Qxe2 Be7 9. h3 Bh5 10. Bd2 h6 11. g4 Bg6 12. 0-0-0 Qd7 13. Ne1 a6 14. f4 exf4 15. Bxf4 b5 16. e5 dxe5 17. Bxe5 0-0 18. d6 cxd6 19. Nf3 Qc7 20. Bxf6 Bxf6 21. Nd5 Qxc4+ 22. Qxc4 bxc4 23. Nxf6+ gxf6 24. Rxd6 Kg7 25. Rhd1 Rfe8 26. Nh4 Bd3 27. Nf5+ Kg6 28. Ng3 Red8 29. Rb6 Rac8 30. Nh5 Kh7 31. Nxf6+ Kg7 32. Re1 Bg6 33. h4 c3 34. b3 Rd2 35. Re8 Rxa2 36. Nh5+ Kh7 37. Nf6+ Kg7 38. Nh5+ 1/2-1/2